| 000 | 00754nam a2200205 a 4500 | ||
|---|---|---|---|
| 003 | 0 | ||
| 005 | 20250328100431.0 | ||
| 008 | 071121s19uu xx 00 eng d | ||
| 050 |
_aPHS PN 56.R4 _b.C36 2007 |
||
| 100 | _aCanterbury, Mitzi O. Brakmore-. | ||
| 245 |
_aPerceptions on Da Vinci Code by religious affiliation / _cMitzi O. Brakmore-Canterbury. |
||
| 260 |
_aLas PiƱas City, Philippines : _bSouthville International School and Colleges, _c2007. |
||
| 300 |
_a38 pages : _billustrations ; _c28 cm. |
||
| 504 | _aIncludes bibliographical references. | ||
| 650 | _aBrown, Dan, 1964- Da Vinci Code. | ||
| 650 | _aReligion and literature. | ||
| 650 | _aReligious affiliation. | ||
| 650 | _aConspiracy theories in literature. | ||
| 942 |
_2lcc _cPASS |
||
| 999 |
_c97800 _d97800 |
||